MARC

LEADER 00000nam0a2200000 4500
001 301465
005 20231102001414.0
035 |a (RuTPU)RU\TPU\book\326637 
090 |a 301465 
100 |a 20150731d1982 m y0rusy50 ca 
101 0 |a rus 
102 |a RU 
105 |a y j 001zy 
200 1 |a Организация геологоразведочных работ  |e учебное пособие  |f В. П. Мокроусов  |g Ленинградский горный институт им. Г. В. Плеханова (ЛГИ) 
210 |a Ленинград  |c Изд-во ЛГИ  |d 1982 
215 |a 89 с. 
320 |a Библиогр.: с. 88 
606 1 |a Геологоразведочные работы  |x Организация производства  |2 stltpush  |3 (RuTPU)RU\TPU\subj\6141  |9 34097 
610 1 |a управление 
610 1 |a системы 
610 1 |a подсистемы 
610 1 |a производственные организации 
610 1 |a структуры 
610 1 |a основное производство 
610 1 |a поисковые работы 
610 1 |a инженерно-геологические работы 
610 1 |a геофизические работы 
610 1 |a топографо-геодезические работы 
610 1 |a учебные пособия 
675 |a 550.8.02:658(075.8)  |v 3 
700 1 |a Мокроусов  |b В. П.  |g Виктор Петрович 
712 0 2 |a Ленинградский горный институт им. Г. В. Плеханова (ЛГИ)  |c (1924-1991)  |2 stltpush  |3 (RuTPU)RU\TPU\col\1021 
801 1 |a RU  |b 63413507  |c 20150731 
801 2 |a RU  |b 63413507  |c 20230216  |g RCR 
942 |c BK